000 00556nam a2200205 i 4500
020 _a2040035885 (v. 1)
040 _cDLC
082 0 0 _a550 DUN 1975 A035 Or.
100 1 _aAubouin, Jean.
245 1 0 _aPrécis de géologie /
250 _a2. éd.
260 _a[Paris] :
_bDunod,
_cc1975.
300 _a3 v. :
_bill. ;
_c24 cm.
490 0 _aDunod Université
500 _aLabel on t.p.: Distributed in the U.S.A. by S.M.P.F. Corp., New York.
650 0 _aGeology.
700 1 _aBrousse, Robert,
700 1 _aLehman, Jean Pierre,
942 _cEK
999 _c12591
_d12591